Online
Catalog

Una perfecta desconocida / (Record no. 3267)

MARC details
000 -CABECERA
campo de control de longitud fija 00738cam a2200229 a 4500
001 - NÚMERO DE CONTROL
campo de control 000003437
005 - FECHA Y HORA DE LA ÚLTIMA TRANSACCIÓN
campo de control 20200929150437.0
008 - DATOS DE LONGITUD FIJA--INFORMACIÓN GENERAL
campo de control de longitud fija 820324s1983 sp 000 f spa d
020 ## - NÚMERO INTERNACIONAL ESTÁNDAR DEL LIBRO
Número Internacional Estándar del Libro 8427017316
040 ## - FUENTE DE LA CATALOGACIÓN
Centro catalogador/agencia de origen DO-SdBNP
Lengua de catalogación spa
Centro/agencia transcriptor BNPHU
041 17 - CÓDIGO DE LENGUA
Código de lengua del texto/banda sonora o título independiente spa
Código de lengua original eng
082 ## - NÚMERO DE LA CLASIFICACIÓN DECIMAL DEWEY
Número de clasificación 813.54
Número de documento/Ítem S813una
100 1# - ENTRADA PRINCIPAL--NOMBRE DE PERSONA
Nombre de persona Steel, Danielle,
Fechas asociadas al nombre 1947-
9 (RLIN) 10718
240 10 - TÍTULO UNIFORME
Título uniforme A perfect stranger.
Lenguaje de la obra Español.
245 10 - MENCIÓN DE TÍTULO
Título Una perfecta desconocida /
Mención de responsabilidad, etc. Danielle Steel ; traducción de Jordi Arbonés.
260 ## - PUBLICACIÓN, DISTRIBUCIÓN, ETC.
Lugar de publicación, distribución, etc. Barcelona :
Nombre del editor, distribuidor, etc. Martínez Roca,
Fecha de publicación, distribución, etc. 1983.
300 ## - DESCRIPCIÓN FÍSICA
Extensión 243 p. ;
Dimensiones 20 cm.
534 ## - NOTA SOBRE LA VERSIÓN ORIGINAL
Encabezamiento principal del original Título original:
Mención de título del original A perfect stranger
650 #4 - PUNTO DE ACCESO ADICIONAL DE MATERIA--TÉRMINO DE MATERIA
Término de materia o nombre geográfico como elemento de entrada Novela estadounidense
9 (RLIN) 262
650 #4 - PUNTO DE ACCESO ADICIONAL DE MATERIA--TÉRMINO DE MATERIA
Término de materia o nombre geográfico como elemento de entrada Literatura estadounidense
9 (RLIN) 263
700 1# - PUNTO DE ACCESO ADICIONAL--NOMBRE DE PERSONA
Nombre de persona Arbonés, Jordi,
Término indicativo de función/relación tr.
9 (RLIN) 10719
Holdings
Estado de retiro Estado de pérdida Restricciones de uso No para préstamo Código de colección Localización permanente Ubicación/localización actual Ubicación en estantería Fecha de adquisición Número de inventario Total de préstamos Signatura topográfica completa Código de barras Fecha visto por última vez Precio válido a partir de Tipo de ítem Koha
        Monografías: Libros y Folletos General General Depósito 08.07.2009 LF1   813.54 S813una 3437-10 25.06.2020 25.06.2020 Préstamo en sala

Powered by Koha